| 000 | 00838nam a2200229 i 4500 | ||
|---|---|---|---|
| 001 | bg | ||
| 100 | 1 | _aŁUCZYŃSKI, Romuald Mariusz | |
| 245 | 1 | 0 |
_aZamki i pałace Dolnego Śląska = _bBurgen und Schlösser in Niederschlesien : Wrocław i okolice : Breslau und Umgebung / _cRomuald Mariusz Łuczyński. |
| 260 |
_aWrocław : _bOficyna Wydawnicza Politechniki Wrocławskiej, _c1997. |
||
| 300 |
_a121, [3] s. : _bfot. (w tym kolor.), rys. ; _c19 x 22 cm. |
||
| 500 | _aTekst równol. pol., niem. | ||
| 504 | _aBibliogr. s. [122]. | ||
| 650 | 9 |
_aZamki i pałace _xhistoria _zPolska |
|
| 651 | 9 |
_aŚląsk, Dolny _xbudownictwo _xhistoria |
|
| 020 | _a8370852718 | ||
| 040 | _cBPK | ||
| 041 | 1 | _aplde | |
| 080 | _a728.8(438)"12/19"(02.025.2)A/Z | ||
| 920 | _a83-7085-271-8 | ||
| 942 | _cKS | ||
| 008 | s pl f |000 0 pol | ||
| 999 |
_c33167 _d33167 |
||
| 856 |
_uhttp://koha.tu.koszalin.pl/cgi-bin/koha/opac-detail.pl?biblionumber=33167 _yKatalog online BPK |
||